[Event "LSS No Engine Cup 61 Preliminary 1"]
[Site "LSS email"]
[Date "2012.03.07"]
[Round "?"]
[White "Jostov, Keylah"]
[Black "Roegiers, Ludo"]
[Result "0-1"]
[WhiteElo "1071"]
[BlackElo "1361"]
[PlyCount "120"]
[EventDate "2012.03.08"]
[EventType "tourn (corr)"]
[EventRounds "6"]
[EventCountry "GER"]
[SourceTitle "Telechess CBM 153"]
[Source "ChessBase"]
[SourceDate "2013.03.14"]
[SourceVersion "1"]
[SourceVersionDate "2013.03.14"]
[SourceQuality "1"]

1. c4 f5 2. Nf3 Nf6 3. g3 e6 4. Bg2 c6 5. 0-0 d5 6. d4 Bd6 7. b3 Qe7 8. Ne5 0-0 9. Bb2 b6 10. Nd2 Bb7 11. Rc1 a5 12. Ndf3 Nbd7 13. cxd5 cxd5 14. Nxd7 Nxd7 15. Ne5 Nxe5 16. dxe5 Bc5 17. Bd4 Rfc8 18. Bxc5 Rxc5 19. Qd4 Rac8 20. Qb2 Qc7 21. Rxc5 Qxc5 22. e3 Ba6 23. Rd1 Qc3 24. Qxc3 Rxc3 25. h3 Rc2 26. Ra1 Kf7 27. g4 g6 28. gxf5 gxf5 29. a3 Kg6 30. b4 a4 31. Bf3 Rc3 32. Kg2 Bc4 33. Kg3 b5 34. Kh4 f4 35. Bh5+ Kf5 36. exf4 Kxf4 37. Rg1 Kxe5 38. Rg5+ Kd6 39. Rg3 d4 40. Rg7 Rxa3 41. Rxh7 Rb3 42. Kg5 Rxh3 43. Ra7 a3 44. Be8 Ke5 45. f4+ Ke4 46. Bg6+ Kd5 47. Rd7+ Kc6 48. Be8 Rh8 49. Rd8+ Kc7 50. Rd7+ Kc8 51. Rxd4 Rxe8 52. Kf6 Rd8 53. Rxd8+ Kxd8 54. Ke5 a2 55. Kd6 a1Q 56. Kc6 Qd4 57. Kb7 Qd6 58. Ka7 Qc6 59. Kb8 Bd5 60. Ka7 Qb7# 0-1